Statistics for Siouxsie and the Banshees Songs

Click here to take the quiz!

General Stats

  • This quiz has been taken 15 times
  • The average score is 39 of 108

Answer Stats

Hint % Correct
Arabian Knights
86%
Spellbound
86%
Dear Prudence
71%
Candyman
71%
Cities in Dust
71%
Swimming Horses
71%
Dazzle
71%
Into the Light
71%
The Passenger
71%
Halloween
71%
Happy House
71%
Kiss Them for Me
71%
The Last Beat of My Heart
71%
Peek-a-Boo
71%
Melt!
57%
Fear (of the Unknown)
57%
Slowdive
57%
The Lord's Prayer
57%
This Wheel's on Fire
57%
Strange Fruit
57%
Cascade
57%
The Killing Jar
57%
Green Fingers
57%
Christine
57%
She's a Carnival
43%
Obsession
43%
The Rapture
43%
O Baby
43%
Take Me Back
43%
Voodoo Dolly
43%
Scarecrow
43%
Trust in Me
43%
Pointing Bone
43%
Running Town
43%
Rhapsody
43%
Ornaments of Gold
43%
Painted Bird
43%
Bring Me the Head of the Preacher Man
43%
A Kiss in the DreamhouseHelter Skelter
43%
Red Light
43%
TinderboxMetal Postcard (Mittageisen)
43%
Playground Twist
43%
Burn-Up
29%
Rawhead and Bloodybones
29%
HyaenaMirage
29%
Turn to Stone
29%
PeepshowSuburban Relapse
29%
Hall of Mirrors
29%
Icon
29%
You're Lost Little Girl
29%
Little Johnny Jewel
29%
Carousel
29%
JujuCarcass
29%
Tearing Apart
29%
KaleidoscopeOverground
29%
Stargazer
29%
Fall from Grace
29%
Sick Child
29%
Softly
29%
Silver Waterfalls
29%
Cry
29%
Drifter
29%
Little Sister
29%
Shadowtime
29%
This Town Ain't Big Enough for the Both of Us
29%
Gun
29%
Belladonna
29%
Lunar Camel
29%
Hybrid
29%
Tenant
29%
Blow the House Down
29%
We Hunger
29%
Cocoon
29%
Sin in My Heart
29%
Monitor
29%
Circle
29%
Skin
29%
Mother / Oh Mein Papa
29%
Clockface
29%
92 Degrees
29%
The Sweetest Chill
29%
Cannons
29%
Not Forgotten
14%
Night Shift
14%
Placebo Effect
14%
Party's Fall
14%
Premature Burial
14%
The Double Life
14%
Love Out Me
14%
Join HandsJigsaw Feeling
14%
Forever
14%
The Lonely One
14%
Falling Down
14%
The Ghost in You
14%
Regal Zone
14%
Trophy
14%
The ScreamPure
14%
SuperstitionSwitch
14%
This Unrest
14%
Through the Looking GlassNicotine Stain
14%
The RapturePoppy Day
14%
Land's End
14%
Silly Thing
14%
Got to Get Up
14%
Desert Kisses
14%
Head Cut
14%
Sea Breezes
14%
Paradise Place
14%

Score Distribution

Percentile by Number Answered

Percent of People with Each Score

Your Score History

You have not taken this quiz